01593 2200265 4500001002100000005001500021035002000036007000300056008004100059020001800100082001100118084001500129245019200144250001800336300003800354650002100392505075800413710002001171264003001191336002101221337003001242338002301272990001601295990001601311INLIS00000000000017320260417095350 a0010-0426000172ta260417 g 0 ind  a9789792935127 a005.13 a005.13 PEM aPemrograman android dengan APP inventor :bno experience required! /cWahana Komputer ; editor, Nikodemus WK. ; setting, Sri Sulistiyani ; desain cover, dan_dut ; korektor, Susy Oktaviani aedisi pertama a206 halaman :bilustrasi ;c23 cm 4aProgram Komputer aAndroid adalah kata yang cukup populer dalam dunia gadget. Banyak perangkat yang menggunakan aplikasi Android, mulai dari smartphone, tablet PC, bahkan game konsol pun telah menggunakan sistem operasi Android. Akan tetapi, apakah Anda tahu bagaimana membuat aplikasi-aplikasi dalam sistem operasi Android? Berbicara tentang aplikasi bagi programmer yang telah berpengalaman pasti terlintas mengenai bahasa Java yang bersifat OOP (Object Oriented Programming). Perlu waktu yang tidak sedikit untuk mempelajari bahasa pemrograman tersebut. Akan tetapi, jika Anda menggunakan App Inventor, waktu yang diperlukan untuk membuat sebuah aplikasi hanya dalam hitungan jam. Hal tersebut berlaku juga bagi orang awam yang tidak mengetahui dasar-dasar pemrograman.0 aWahana Komputer aYogyakarta :bANDI,c2013 2rdacontentateks 2rdamediaatanpa perantara 2rdacarrieravolume aPP000261/19 aPP000286/19